Missing Word: Food Network Quiz Stats

 Plays Quiz Updated Jul 8, 2018

Challenge
Share
Tweet
Embed
Score 0/12 Timer 02:00
0 Plays Today
Program Name Missing Word % Correct
____ Chef AmericaIron
90.1%
Diners, Drive-Ins, and ______Dives
89.5%
Ace of _____ Cakes
77.9%
Worst ______ in AmericaCooks
69.8%
__________ WarsCupcake
68.3%
Good _____Eats
68.1%
Restaurant: ___________Impossible
61.4%
_________ ContessaBarefoot
58.4%
Boy Meets ______Grill
55%
Guy's ________ GamesGrocery
51.8%
The ________ WomanPioneer
39.6%
Trisha's _______ KitchenSouthern
33.8%

Today's Daily Dose

You're not logged in!

Compare scores with friends on all Sporcle quizzes.
OR
Log In

You Might Also Like...

Show Comments

Extras

Top Quizzes Today


Score Distribution

Your Account Isn't Verified!

In order to create a playlist on Sporcle, you need to verify the email address you used during registration. Go to your Sporcle Settings to finish the process.

Report this User

Report this user for behavior that violates our Community Guidelines.

Details: